000 00824nam a2200229 a 4500
001 55916
003 BD-RjUL
005 20211209080330.0
008 161124s2008 bg ||||| |||| 00| 0 eng d
035 _a(BD-RjUL)56040
040 _aBD-RjUL
_beng
_cBD-RjUL
041 _aeng
082 _223
_a701.17
_bCHA 2004
100 1 _aচৌধুরী, সত্যজিৎ
_9166684
245 1 0 _aঅবনীন্দ্র-নন্দনতত্ত্ব এবং অন্যান্য প্রসঙ্গ /
_cসত্যজিৎ চৌধুরী
250 _aনতুন সং.
260 _aঢাকা :
_bকপোতাক্ষ,
_c২০০৪
300 _a৩৫৮ পৃ :
_c২২ সেমি.
650 _aনন্দনতত্ব
_9124123
650 _aAesthetics
_9124124
942 _2ddc
_cBK
999 _c55916
_d55916